00362nam a2200145Ia 450000500170000000800410001702000060005808200130006410000150007724500490009226000310014130000180017265000140019065000120020420240813044324.0240331s9999 xx 000 0 und d a  bSTOa407 aStoddart,J 4aThe practical teaching of English in schools aMadrasbOrient Longman Ltd aix, 200 p .,  aPractical aEnglish